000 00517nam a22001697a 4500
999 _c15877
_d15877
003 AR-CdUCM
008 190430b ||||| |||| 00| 0 spa d
040 _aMUNICIPALIDAD PROVINCIAL DEL CUSCO
_cBIBLIOTECA MUNICIPAL DEL CUSCO
082 _aC / 071.61 /
_bS66
245 _aEl sol de Cuzco /
260 _aCaracas :
_bAcademia Nacional de Historia,
_c1974.
300 _a2 tomos :
_bFacsimilar.
_c29 cm.
500 _aFacsimilar.
505 _at.1: años 185 -- t.2: año 1826
942 _2ddc
_cLIBROS
945 _awfj